000 00547nam a22002057a 4500
003 koha_MIRAKIL
005 20231213100056.0
008 231213b |||||||| |||| 00| 0 ||| d
020 _b978-9-75071156-5
040 _aTR-IsEVY
_btur
_cTR-IsEVY
082 _a889.134 ELİ/Ç
100 _aElytis, Odysseas, 1911-1996.
245 0 _aÇılgın nar ağacı
250 _a2. bs.
260 _bCan Yayınları,
_c2011
300 _a114 s.
650 _aGreek poetry -- Translations into Turkish
650 _aGreek poetry.
942 _2ddc
_cBK
999 _c14113
_d14113